[Event "ch-FRA Blitz Online Qual"]
[Site "Europe-Chess INT"]
[Date "2020.05.16"]
[Round "8"]
[White "Pottier, Simeon"]
[Black "Suarez Real, Alberto"]
[Result "0-1"]
[BlackTitle "IM"]
[WhiteElo "2186"]
[BlackElo "2448"]
[WhiteFideId "26069296"]
[BlackFideId "2218534"]
[EventDate "2020.05.16"]

1. d4 Nf6 2. c4 g6 3. Nc3 Bg7 4. e4 O-O 5. Nf3 d6 6. Be2 e5 7. O-O Nc6 8. d5 Ne7
9. Ne1 Nd7 10. Be3 f5 11. f3 f4 12. Bf2 g5 13. Rc1 Rf6 14. c5 Nxc5 15. b4 Na6
16. Nb5 Bd7 17. a4 Kh8 18. Nd3 Rh6 19. Nxa7 Qe8 20. Nb5 Qh5 21. h4 gxh4 22. Nxc7
h3 23. g4 fxg3 24. Bxg3 Rg6 25. Kh2 Rxg3 26. Kxg3 Qg5+ 27. Kf2 Qh4+ 28. Ke3 Bh6+
29. f4 exf4+ 30. Nxf4 Rf8 31. Kd3 Bxf4 32. Ne6 Bxe6 33. dxe6 Nxb4+ 34. Kc4 Nbc6
35. Kb3 h2 36. Qd3 Rg8 37. Bf3 Bxc1 38. Qc3+ Rg7 39. Rxc1 Qf2 40. Rh1 Qb6+ 41.
Kc2 Nd4+ 42. Kd3 Nxf3 43. Rxh2 Nxh2 0-1

[Event "ch-FRA Blitz Online Qual"]
[Site "Europe-Chess INT"]
[Date "2020.05.16"]
[Round "8"]
[White "Polivanov, Anatoliy"]
[Black "Daeschler, Florian"]
[Result "1-0"]
[WhiteTitle "IM"]
[BlackTitle "FM"]
[WhiteElo "2452"]
[BlackElo "2322"]
[WhiteFideId "14109468"]
[BlackFideId "20678193"]
[EventDate "2020.05.16"]

1. e4 e5 2. Nf3 Nc6 3. Nc3 Nf6 4. Bb5 Bb4 5. O-O O-O 6. d3 Bxc3 7. bxc3 d6 8.
Re1 a6 9. Bc4 Qe7 10. d4 Rd8 11. Bd3 h6 12. Bb2 Bg4 13. h3 Bh5 14. g4 Bg6 15.
Nh4 Rf8 16. Qf3 Nd7 17. Nf5 Bxf5 18. exf5 Qf6 19. Be4 Na5 20. Rad1 Nc4 21. Bc1
exd4 22. cxd4 c6 23. Qg3 d5 24. g5 hxg5 25. Bxg5 Qd6 26. Bf4 Qf6 27. Bd3 Rae8
28. Bg5 Qd6 29. Qxd6 Nxd6 30. Be7 Rxe7 31. Rxe7 Nf6 32. Rde1 Kh7 33. Rc7 Kh6 34.
Kg2 Kg5 35. Kf3 Nfe4 36. Bxe4 dxe4+ 37. Rxe4 Nxe4 38. Kxe4 b5 39. f6 gxf6 40.
Rxc6 f5+ 41. Ke5 a5 42. d5 Rd8 43. f4+ Kh5 44. d6 Kg6 45. d7+ Kg7 46. Kd6 Rh8
47. Rc8 1-0

[Event "ch-FRA Blitz Online Qual"]
[Site "Europe-Chess INT"]
[Date "2020.05.16"]
[Round "8"]
[White "Nasuta, Grzegorz"]
[Black "Popov, Konstantin"]
[Result "0-1"]
[WhiteTitle "GM"]
[BlackTitle "FM"]
[WhiteElo "2558"]
[BlackElo "2366"]
[WhiteFideId "1141686"]
[BlackFideId "34137910"]
[EventDate "2020.05.16"]

1. e4 c5 2. Nf3 e6 3. d4 cxd4 4. Nxd4 Nc6 5. Nc3 Qc7 6. Be3 a6 7. a3 b5 8. Nxc6
dxc6 9. g4 e5 10. g5 Ne7 11. Qd2 Ng6 12. h4 Be6 13. O-O-O b4 14. axb4 Bxb4 15.
h5 Qa5 16. Qd3 Nf4 17. Bxf4 exf4 18. h6 O-O 19. Qd4 f6 20. Bc4 Rfe8 21. Bxe6+
Rxe6 22. Qc4 Re8 23. hxg7 fxg5 24. Rh6 Bxc3 25. bxc3 Qa1+ 26. Kd2 Rd8+ 0-1

[Event "ch-FRA Blitz Online Qual"]
[Site "Europe-Chess INT"]
[Date "2020.05.16"]
[Round "8"]
[White "Glek, Igor"]
[Black "Roque, Gaetan"]
[Result "0-1"]
[WhiteTitle "GM"]
[WhiteElo "2475"]
[BlackElo "2128"]
[WhiteFideId "4100484"]
[BlackFideId "20666934"]
[EventDate "2020.05.16"]

1. e4 Nf6 2. e5 Nd5 3. d4 d6 4. f4 dxe5 5. fxe5 Bf5 6. a3 e6 7. Nf3 c5 8. Bb5+
Nc6 9. c4 Nb6 10. Nc3 a6 11. Bxc6+ bxc6 12. O-O cxd4 13. Bg5 Qd7 14. Nxd4 Bc5
15. Ne2 Nxc4 16. Rc1 Qd5 17. Kh1 Bg6 18. Qa4 Bxd4 19. Nxd4 Nxe5 20. Nxc6 Nxc6
21. Qxc6+ Qxc6 22. Rxc6 O-O 23. Rfc1 h6 24. Bf4 Rfd8 25. b4 Rd4 26. Bd6 Be4 27.
Rc8+ Rxc8 28. Rxc8+ Kh7 29. Bc5 Rd1+ 30. Bg1 Rd2 31. h4 Rxg2 32. Rc4 Re2+ 0-1

[Event "ch-FRA Blitz Online Qual"]
[Site "Europe-Chess INT"]
[Date "2020.05.16"]
[Round "8"]
[White "Philippe, Guillaume"]
[Black "Emmenecker, Pierre-Antoine"]
[Result "1-0"]
[WhiteTitle "IM"]
[WhiteElo "2354"]
[BlackElo "2172"]
[WhiteFideId "36048763"]
[BlackFideId "36031321"]
[EventDate "2020.05.16"]

1. f4 d5 2. Nf3 c5 3. g3 Nc6 4. Bg2 e6 5. O-O Nf6 6. d3 Be7 7. Nc3 O-O 8. e4 b6
9. e5 Nd7 10. g4 Bb7 11. Ne2 d4 12. Ng3 Nb4 13. f5 Nd5 14. g5 exf5 15. Nxf5 Re8
16. Qe1 Bf8 17. Qg3 Qc7 18. Nd6 Bxd6 19. exd6 Qd8 20. Bd2 Ne3 21. Bxe3 Rxe3 22.
Rae1 Qf8 23. Rxe3 dxe3 24. Re1 Re8 25. Qf4 e2 26. Kf2 Re6 27. Rxe2 Qxd6 28. Qxd6
Rxd6 29. Re8+ Nf8 30. Bh3 g6 31. Ne5 Rd5 32. Re7 Bc8 33. Bxc8 1-0

[Event "ch-FRA Blitz Online Qual"]
[Site "Europe-Chess INT"]
[Date "2020.05.16"]
[Round "8"]
[White "Firouzja, Mohammadreza"]
[Black "Brunner, Nicolas"]
[Result "1-0"]
[BlackTitle "IM"]
[WhiteElo "2135"]
[BlackElo "2428"]
[WhiteFideId "12573990"]
[BlackFideId "620246"]
[EventDate "2020.05.16"]

1. e4 c5 2. Nf3 e6 3. d4 cxd4 4. Nxd4 Nc6 5. c4 Nf6 6. Nc3 Bb4 7. Nxc6 bxc6 8.
Bd3 e5 9. O-O O-O 10. Na4 d6 11. a3 Ba5 12. b4 Bc7 13. Bg5 h6 14. Bh4 g5 15. Bg3
Kg7 16. Re1 Be6 17. c5 Nd7 18. Qc2 d5 19. exd5 Bxd5 20. Nc3 Re8 21. Rad1 Nf6 22.
Bc4 Qd7 23. Ne4 Nxe4 24. Qxe4 Rad8 25. Bxd5 cxd5 26. Qc2 f5 27. c6 Qe6 28. f3 d4
29. Qc5 Bb6 30. Qxe5+ Qxe5 31. Rxe5 Kf6 32. Rxe8 Rxe8 33. Kf1 a6 34. a4 Rc8 35.
b5 axb5 36. axb5 Ra8 37. Bf2 Ke5 38. Rc1 Kd6 39. c7 Bxc7 40. Rc6+ Kd7 41. Bxd4
Ra4 42. Bg1 Bd6 43. Rc1 Rb4 44. b6 Rb2 45. Rd1 Kc6 46. g3 g4 47. fxg4 fxg4 48.
Bf2 h5 49. Rc1+ Kb7 50. Rd1 Kc6 51. Re1 Rc2 52. Re2 Rc1+ 53. Kg2 Rc3 54. Re6 Kd5
55. Rh6 Rc2 56. Rxh5+ Ke4 57. Rg5 Bc5 58. Rxc5 1-0

[Event "ch-FRA Blitz Online Qual"]
[Site "Europe-Chess INT"]
[Date "2020.05.16"]
[Round "8"]
[White "Calvo, Dylan"]
[Black "Colin, Vincent"]
[Result "0-1"]
[BlackTitle "IM"]
[WhiteElo "2018"]
[BlackElo "2372"]
[WhiteFideId "36019410"]
[BlackFideId "612324"]
[EventDate "2020.05.16"]

1. d4 Nf6 2. Nf3 g6 3. c4 Bg7 4. Nc3 O-O 5. e4 d6 6. Be2 Na6 7. O-O e5 8. dxe5
dxe5 9. Qxd8 Rxd8 10. Bg5 c6 11. a3 Re8 12. b4 Nc7 13. h3 Ne6 14. Be3 Nd7 15.
Rfd1 Nf4 16. Bf1 Nf8 17. b5 Be6 18. Kh2 Rec8 19. g3 Nh5 20. Rac1 a6 21. a4 axb5
22. axb5 Bf6 23. Be2 Ng7 24. bxc6 bxc6 25. Rb1 Nd7 26. Nd5 cxd5 27. cxd5 Nc5 28.
dxe6 Ngxe6 29. Rb4 Ra2 30. Bc4 Rc2 31. Bd5 Nd4 32. Bxd4 exd4 33. e5 Be7 34.
Rbxd4 Rxf2+ 35. Kg1 Rc2 36. Rc4 Rxc4 37. Bxc4 Ne4 38. Ba6 Rc3 39. Rd3 Bc5+ 40.
Kg2 Rc2+ 41. Kf1 Nxg3+ 42. Ke1 Re2+ 43. Kd1 Re3 44. Rxe3 Bxe3 45. Bc4 Kg7 46.
Kc2 Bc5 47. Kd3 h6 48. Bd5 g5 49. e6 f5 50. Ne5 Bd6 51. Nc6 Kf6 52. Nd4 h5 53.
Ke3 g4 54. hxg4 fxg4 55. Nc6 h4 56. e7 Nf5+ 57. Ke4 Bxe7 58. Bb3 Bd6 59. Na5 h3
60. Kd3 Ne7 61. Nb7 h2 62. Nxd6 h1=Q 63. Ne4+ Ke5 64. Bc4 Qxe4+ 0-1

[Event "ch-FRA Blitz Online Qual"]
[Site "Europe-Chess INT"]
[Date "2020.05.16"]
[Round "8"]
[White "Cotonnec, Melkior"]
[Black "Guillemart, Serge"]
[Result "1-0"]
[WhiteTitle "IM"]
[WhiteElo "2300"]
[BlackElo "2107"]
[WhiteFideId "633275"]
[BlackFideId "26015579"]
[EventDate "2020.05.16"]

1. c4 e5 2. g3 Nc6 3. Bg2 f5 4. Nc3 Nf6 5. e3 e4 6. d4 Nb4 7. Nh3 Nd3+ 8. Kf1 b6
9. Nf4 Nxf4 10. gxf4 a5 11. b3 Bb4 12. Bb2 O-O 13. a3 Bxc3 14. Bxc3 d5 15. c5
Ba6+ 16. Kg1 Bd3 17. h3 Nd7 18. b4 axb4 19. axb4 Qh4 20. Be1 Qh6 21. Kh2 Kh8 22.
Rg1 Nf6 23. Bh1 Ng4+ 24. Kg2 Nf6 25. Kh2 Ng4+ 26. Kg3 Nf6 27. Rg2 b5 28. Kh2
Ng4+ 29. Kg3 Nf6 30. Bc3 c6 31. Kh2 Ng4+ 32. Kg3 Nf6 33. Ra5 Rac8 34. Ra7 Ra8
35. Ra5 Rac8 36. Rg1 Nh5+ 37. Kg2 Rf6 38. Bd2 Rg6+ 39. Kh2 Nf6 40. Rxg6 hxg6 41.
Qg1 Qh4 42. Qg3 Qxg3+ 43. fxg3 Kh7 44. Bg2 Ne8 45. Kg1 Nf6 46. Kf2 Nh5 47. Be1
Nf6 48. Kg1 Nh5 49. Bf2 Nf6 50. Ra6 Ne8 51. Be1 Nf6 52. Kf2 Nh5 53. Bd2 Nf6 54.
Bc1 Nh5 55. g4 Nf6 56. Kg3 Kg8 57. Bd2 Be2 58. g5 Ne8 59. Kf2 Bc4 60. Bc3 Kf8
61. Ke1 Kg8 62. Kd2 Kf8 63. Bb2 Kg8 64. Bc1 Kf8 65. Kc3 Kg8 66. Bd2 Kf8 67. Be1
Kg8 68. Kd2 Kf8 69. Ra7 Kg8 70. Bf2 Kf8 71. Kd1 Kg8 72. Ke1 Kf8 73. h4 Kg8 74.
Bh1 Kf8 75. Bg2 Kg8 76. Bh3 Kf8 77. h5 Rc7 78. Ra8 gxh5 79. Bxf5 Ke7 80. Bh4 Kf8
81. g6 Rb7 82. Be6 Ra7 83. Rxa7 1-0

[Event "ch-FRA Blitz Online Qual"]
[Site "Europe-Chess INT"]
[Date "2020.05.16"]
[Round "8"]
[White "Maugenest, Ghislain"]
[Black "Fantinel, Thibault"]
[Result "0-1"]
[BlackTitle "IM"]
[WhiteElo "2013"]
[BlackElo "2375"]
[WhiteFideId "36029483"]
[BlackFideId "663395"]
[EventDate "2020.05.16"]

1. d4 Nf6 2. c4 b6 3. f3 Nc6 4. e4 e5 5. d5 Nd4 6. Nc3 Bc5 7. Nge2 Nh5 8. Nxd4
Bxd4 9. Bd3 Qh4+ 10. Kd2 Qg5+ 11. Kc2 Qxg2+ 12. Kb3 c6 13. Bd2 Ba6 14. Rc1 O-O
15. Rc2 Qg6 16. Bc1 b5 17. cxb5 cxb5 18. a3 Rab8 19. Na2 Bb7 20. Bd2 Qb6 21. Qe1
Nf4 22. Bf1 Nxd5 23. Nb4 Nxb4 24. axb4 Qe6+ 25. Ka3 d5 26. exd5 Qa6+ 27. Kb3
Bxd5+ 0-1

[Event "ch-FRA Blitz Online Qual"]
[Site "Europe-Chess INT"]
[Date "2020.05.16"]
[Round "8"]
[White "Berger Dit Lacroix, Kilian"]
[Black "Stephan, Victor"]
[Result "0-1"]
[BlackTitle "IM"]
[WhiteElo "2129"]
[BlackElo "2439"]
[WhiteFideId "36091855"]
[BlackFideId "656666"]
[EventDate "2020.05.16"]

1. e4 c5 2. Nf3 d6 3. Bb5+ Bd7 4. Bxd7+ Nxd7 5. O-O Ngf6 6. Qe2 Rc8 7. c3 e6 8.
d4 cxd4 9. cxd4 d5 10. e5 Ne4 11. Nbd2 Nxd2 12. Bxd2 Be7 13. Rac1 O-O 14. Rc3
Rxc3 15. Bxc3 Qb6 16. h4 Nb8 17. Rd1 Qa6 18. Qc2 h6 19. a3 Rc8 20. Rd3 b5 21.
Qd2 Nc6 22. Qf4 b4 23. axb4 Qxd3 0-1

[Event "ch-FRA Blitz Online Qual"]
[Site "Europe-Chess INT"]
[Date "2020.05.16"]
[Round "8"]
[White "Droin, Augustin"]
[Black "Perrin, Antoine"]
[Result "1/2-1/2"]
[WhiteTitle "FM"]
[WhiteElo "2313"]
[BlackElo "1967"]
[WhiteFideId "45105987"]
[BlackFideId "45127255"]
[EventDate "2020.05.16"]

1. e4 c5 2. Nf3 d6 3. d4 cxd4 4. Nxd4 Nf6 5. Nc3 a6 6. Qd3 e5 7. Nf5 Nc6 8. Bg5
h6 9. Bxf6 Qxf6 10. Nd5 Qd8 11. Nfe3 Be6 12. c3 Ne7 13. Nxe7 Bxe7 14. Be2 O-O
15. O-O Bg5 16. Rfd1 Qb6 17. b3 Bxe3 18. Qxe3 Qxe3 19. fxe3 Rfd8 20. c4 Kf8 21.
Kf2 Ke7 22. Kg3 Rab8 23. a4 a5 24. Bg4 Rbc8 25. h4 Rc7 26. Bxe6 Kxe6 27. Rd5 Rc5
28. Rad1 Rd7 29. Kg4 b6 30. Kh5 Rd8 31. R5d2 Rc6 32. Rf1 Rc7 33. Rdf2 Rh8 34.
Kg4 h5+ 35. Kh3 f6 36. Rf5 Rf7 37. R5f3 Rh6 38. g4 hxg4+ 39. Kxg4 Rf8 40. Rf5
Rfh8 41. h5 R6h7 42. Rd1 Rh6 43. Rdf1 R6h7 44. Rd1 Rh6 45. Rdf1 1/2-1/2

[Event "ch-FRA Blitz Online Qual"]
[Site "Europe-Chess INT"]
[Date "2020.05.16"]
[Round "8"]
[White "Bournel, Antoine"]
[Black "Shirazi, Kamran"]
[Result "1-0"]
[BlackTitle "IM"]
[WhiteElo "2238"]
[BlackElo "2355"]
[WhiteFideId "26093553"]
[BlackFideId "2000733"]
[EventDate "2020.05.16"]

1. d4 c5 2. d5 e6 3. Nc3 b5 4. Nxb5 Qa5+ 5. Nc3 exd5 6. Qxd5 Nc6 7. Nf3 Nf6 8.
Qd1 d5 9. Bd2 Qb6 10. e3 Be7 11. Be2 O-O 12. O-O Bb7 13. Na4 Qc7 14. c4 Rad8 15.
cxd5 Nxd5 16. a3 Nf6 17. Qc2 Ne5 18. Nxe5 Qxe5 19. Bc3 Qg5 20. g3 Ng4 21. Bxg4
Qxg4 22. f3 Bxf3 23. Rf2 Be4 24. Qb3 Bd5 25. Qc2 Rb8 26. Rf4 Qe6 27. b4 Bb3 28.
Qb2 Bxa4 29. Bxg7 Qxe3+ 30. Rf2 Rfd8 31. Bh6 f6 32. Kg2 Bc6+ 33. Kg1 cxb4 34.
Bxe3 bxa3 35. Qe2 Rb4 36. Bh6 Re4 37. Qa2+ Bd5 38. Qc2 Rc4 39. Qe2 Bc5 40. Be3
Re4 41. Bxc5 Rxe2 42. Rxe2 Rc8 43. Bxa3 a6 44. Re7 Rc2 45. Rd1 Bf7 46. Rd8+ Kg7
47. Rdd7 Kg6 48. Rxf7 h5 49. Rg7+ Kf5 50. Be7 Ke4 51. Bxf6 Kf3 52. Rd3+ Ke2 53.
Rgd7 Rc6 54. Bg5 a5 55. Re3# 1-0

[Event "ch-FRA Blitz Online Qual"]
[Site "Europe-Chess INT"]
[Date "2020.05.16"]
[Round "8"]
[White "Kirk, Ezra"]
[Black "Burgalat, Eliot"]
[Result "1-0"]
[WhiteTitle "IM"]
[WhiteElo "2447"]
[BlackElo "1963"]
[WhiteFideId "600067"]
[BlackFideId "36068659"]
[EventDate "2020.05.16"]

1. e4 e6 2. d4 d5 3. Nc3 Bb4 4. e5 c5 5. a3 Ba5 6. b4 cxd4 7. Nb5 Bc7 8. Nf3 Nc6
9. Nxc7+ Qxc7 10. Bd3 Nxe5 11. Nxe5 Qxe5+ 12. Kf1 Nf6 13. h4 Ne4 14. Qf3 Bd7 15.
h5 h6 16. Rh4 Bc6 17. b5 Bd7 18. Kg1 Ng5 19. Qd1 Qc7 20. Rxd4 Qc3 21. Be3 Rc8
22. a4 b6 23. Rh4 Qf6 24. Rf4 Qe5 25. Rg4 Qf6 26. a5 e5 27. Rg3 e4 28. Be2 Be6
29. Bd4 Qe7 30. axb6 axb6 31. Bxb6 Rb8 32. Bd4 O-O 33. c3 Bd7 34. b6 Ne6 35. Be3
Ng5 36. Qxd5 Be6 37. Qe5 Rfe8 38. Bxg5 hxg5 39. Qxg5 Qxg5 40. Rxg5 Rxb6 41. Re5
f5 42. Bc4 Kf7 43. Rxf5+ Ke7 44. Re5 Kd6 45. Rxe6+ Rxe6 46. Bxe6 Kxe6 47. Ra7
Rb1+ 48. Kh2 Kf6 49. Rc7 Rb2 50. Kg3 Rc2 51. Rc6+ Kg5 52. Rc5+ Kh6 53. f3 e3 54.
Kf4 e2 55. Re5 Rxc3 56. Rxe2 Kxh5 57. Re5+ Kh6 58. g4 Rc4+ 59. Re4 Rc3 60. Re6+
g6 61. Ra6 Rc4+ 62. Kg3 Rc3 63. Ra7 Rc6 64. Kf4 Rc4+ 65. Kg3 Rc6 66. Ra5 g5 67.
Kf2 Re6 68. Rf5 Kg6 69. Kg3 Rc6 70. Rd5 Re6 71. Rd4 Rf6 72. Kf2 Re6 73. Re4 Ra6
74. Re3 Ra2+ 75. Re2 Ra6 76. Rb2 Re6 77. Rb4 Rd6 78. Ke3 Re6+ 79. Kd3 Rf6 80.
Ke3 Re6+ 81. Re4 Rf6 82. Re5 Ra6 83. Rd5 Ra3+ 84. Ke4 Ra4+ 85. Ke5 Rf4 86. Rd6+
Kf7 87. Rd3 Kg6 88. Ra3 Rf6 89. Rb3 Rc6 90. Rd3 Rf6 91. Rd6 Rxd6 92. Kxd6 Kf6
93. Kd5 Kf7 94. Ke5 Kg6 95. Ke6 Kh6 96. Kf6 Kh7 97. Kxg5 Kg8 98. Kg6 Kf8 99. f4
Kg8 100. f5 Kf8 101. f6 Kg8 102. f7+ Kf8 103. g5 Ke7 104. Kg7 1-0

[Event "ch-FRA Blitz Online Qual"]
[Site "Europe-Chess INT"]
[Date "2020.05.16"]
[Round "8"]
[White "Vlachos, Anatole"]
[Black "Joly, Julien"]
[Result "1-0"]
[WhiteTitle "IM"]
[WhiteElo "2401"]
[BlackElo "2188"]
[WhiteFideId "26093189"]
[BlackFideId "26082284"]
[EventDate "2020.05.16"]

1. f4 g6 2. Nf3 Bg7 3. g3 b6 4. Bg2 Bb7 5. O-O e6 6. d3 Ne7 7. e4 d6 8. a4 a6 9.
c4 Nd7 10. Nc3 c5 11. Be3 d5 12. exd5 exd5 13. Nd2 Nf6 14. a5 O-O 15. axb6 Rc8
16. Na4 Nf5 17. Bf2 Qd6 18. Nb3 Nd7 19. Na5 Rb8 20. b4 cxb4 21. c5 Qe6 22. Re1
Qf6 23. Rb1 Rfc8 24. Rxb4 Ne7 25. Bd4 1-0

[Event "ch-FRA Blitz Online Qual"]
[Site "Europe-Chess INT"]
[Date "2020.05.16"]
[Round "8"]
[White "Gherghinoiu, Lucas"]
[Black "Loiseau, Quentin"]
[Result "0-1"]
[BlackTitle "IM"]
[WhiteElo "2089"]
[BlackElo "2457"]
[WhiteFideId "36051462"]
[BlackFideId "665274"]
[EventDate "2020.05.16"]

1. e4 c5 2. Nf3 e6 3. d4 cxd4 4. Nxd4 a6 5. c4 Nf6 6. Nc3 Bb4 7. Bd3 d6 8. a3
Bxc3+ 9. bxc3 e5 10. Ne2 Be6 11. O-O Nbd7 12. f4 exf4 13. Nxf4 Nc5 14. Be3 Qc7
15. Nxe6 Nxe6 16. Kh1 Nd7 17. Qh5 Ne5 18. Be2 O-O 19. Rab1 Nxc4 20. Bxc4 Qxc4
21. Qf3 b5 22. Rb4 Qxc3 23. Rbb1 Qxa3 24. Qf2 Qd3 25. Rbd1 Qxe4 26. Rxd6 b4 27.
Re1 b3 28. Bd4 Qc2 29. Qg3 Nxd4 30. Rxd4 b2 31. Rb4 a5 32. Rb7 a4 33. Rc7 b1=Q 0-1

[Event "ch-FRA Blitz Online Qual"]
[Site "Europe-Chess INT"]
[Date "2020.05.16"]
[Round "8"]
[White "Coiffait, Pierre-Basile"]
[Black "Milliet, Sophie"]
[Result "0-1"]
[BlackTitle "IM"]
[WhiteElo "2261"]
[BlackElo "2401"]
[WhiteFideId "20665342"]
[BlackFideId "623725"]
[EventDate "2020.05.16"]

1. e4 c5 2. Nf3 e6 3. d4 cxd4 4. Nxd4 Nc6 5. Nxc6 bxc6 6. Nc3 d5 7. exd5 exd5 8.
Bd3 Bd6 9. O-O Ne7 10. Bg5 Qc7 11. Bxe7 Bxe7 12. Re1 O-O 13. Ne2 Bf6 14. c3 Rb8
15. Qc2 g6 16. Nd4 c5 17. Nf3 Bg4 18. Nd2 c4 19. Be2 Bf5 20. Qc1 Qb6 21. b3 cxb3
22. axb3 Rbc8 23. c4 Bxa1 24. Qxa1 Qb4 25. Nf3 Rfe8 26. Nd4 Bd3 27. Qd1 dxc4 28.
bxc4 Bxc4 29. Kf1 Rcd8 30. Qa1 Bxe2+ 31. Rxe2 Rxe2 32. Nxe2 Qc4 33. Ke1 Re8 34.
Qb2 a5 0-1

[Event "ch-FRA Blitz Online Qual"]
[Site "Europe-Chess INT"]
[Date "2020.05.16"]
[Round "8"]
[White "Daulyte-Cornette, Deimante"]
[Black "Bosc, Gabriel"]
[Result "1-0"]
[WhiteTitle "IM"]
[WhiteElo "2400"]
[BlackElo "1994"]
[WhiteFideId "12802859"]
[BlackFideId "26086743"]
[EventDate "2020.05.16"]

1. e4 c5 2. Nc3 Nc6 3. Bb5 g6 4. Bxc6 dxc6 5. d3 Bg7 6. Be3 b6 7. Qd2 e5 8. f4
exf4 9. Bxf4 Bg4 10. h3 Be6 11. Nf3 Nf6 12. Bh6 O-O 13. Bxg7 Kxg7 14. O-O Qc7
15. Qg5 h6 16. Qe3 Nh5 17. Ne2 Rad8 18. Nh4 Qe7 19. Qf2 Qg5 20. Nf3 Qf6 21. e5
Qe7 22. g4 Bd5 23. gxh5 Bxf3 24. Qxf3 Qxe5 25. c3 Rde8 26. Ng3 Qg5 27. Rae1 Rxe1
28. Rxe1 Qd2 29. Re2 Qd1+ 30. Kg2 Qc1 31. Rf2 Qg5 32. hxg6 Qxg6 33. Qg4 Qxg4 34.
hxg4 Rd8 35. d4 cxd4 36. Nf5+ Kg6 37. Nxd4 Rd6 38. Nf5 Re6 39. Ng3 a5 40. Re2
Rd6 41. Nf5 Rf6 42. Kg3 h5 43. Nh4+ Kh6 44. Nf3 hxg4 45. Kxg4 Rg6+ 46. Kf5 c5
47. Ne5 Rg1 48. Nxf7+ Kg7 49. Ne5 Ra1 50. a3 Rf1+ 51. Ke6 Rf6+ 52. Kd7 b5 53.
Nc6 a4 54. Re7+ Kg6 55. Re6 1-0

[Event "ch-FRA Blitz Online Qual"]
[Site "Europe-Chess INT"]
[Date "2020.05.16"]
[Round "8"]
[White "Afraoui, Anaelle"]
[Black "Le Goff, Ronan"]
[Result "0-1"]
[WhiteTitle "WFM"]
[BlackTitle "FM"]
[WhiteElo "2120"]
[BlackElo "2267"]
[WhiteFideId "20654383"]
[BlackFideId "612073"]
[EventDate "2020.05.16"]

1. e4 e5 2. Nf3 Nc6 3. Bb5 a6 4. Ba4 d6 5. O-O Bd7 6. c3 g6 7. d4 Bg7 8. h3 Nf6
9. Bg5 h6 10. Bxf6 Qxf6 11. Na3 exd4 12. cxd4 Nxd4 13. Bxd7+ Kxd7 14. Nxd4 Qxd4
15. Qb3 Rhf8 16. Rab1 b5 17. Qc2 Qc5 18. Qd2 Rae8 19. Rbc1 Qb6 20. Rfe1 Re5 21.
Nc2 Rfe8 22. Qf4 R8e7 23. Nb4 Qd4 24. Nd5 Qxd5 25. exd5 Rxe1+ 26. Rxe1 Rxe1+ 27.
Kh2 Be5 0-1

[Event "ch-FRA Blitz Online Qual"]
[Site "Europe-Chess INT"]
[Date "2020.05.16"]
[Round "8"]
[White "Hejazipour, Mitra"]
[Black "Gerandi, Guillaume"]
[Result "1-0"]
[WhiteTitle "WGM"]
[WhiteElo "2300"]
[BlackElo "1876"]
[WhiteFideId "12505951"]
[BlackFideId "20648359"]
[EventDate "2020.05.16"]

1. Nf3 Nf6 2. c4 c5 3. g3 g6 4. Bg2 Bg7 5. O-O O-O 6. Nc3 Nc6 7. d4 cxd4 8. Nxd4
Nxd4 9. Qxd4 d6 10. Qd3 a5 11. b3 Bf5 12. Qe3 Ng4 13. Qd2 a4 14. bxa4 Ne5 15. e4
Be6 16. Rb1 Nxc4 17. Qc2 Rb8 18. Nd5 Bxd5 19. exd5 Ne5 20. Be3 Qa5 21. Bb6 Qa6
22. Rfc1 Nd3 23. Bf1 Nxc1 24. Bxa6 bxa6 25. Qxc1 Rfc8 26. Qf1 Rc2 27. Be3 Rbc8
28. Qxa6 h5 29. Qa7 Bf6 30. Rb8 Rxb8 31. Qxb8+ Kg7 32. a5 Rxa2 33. Qa8 h4 34.
gxh4 Bxh4 35. a6 1-0

[Event "ch-FRA Blitz Online Qual"]
[Site "Europe-Chess INT"]
[Date "2020.05.16"]
[Round "8"]
[White "Geronimi, Jean-Thomas"]
[Black "Song, Julien"]
[Result "1/2-1/2"]
[BlackTitle "IM"]
[WhiteElo "1827"]
[BlackElo "2306"]
[WhiteFideId "36098515"]
[BlackFideId "659487"]
[EventDate "2020.05.16"]

1. e4 e6 2. d4 d5 3. e5 c5 4. c3 Qb6 5. Nf3 Bd7 6. a4 cxd4 7. cxd4 Nc6 8. Bb5
Nge7 9. O-O a6 10. Bxc6 Nxc6 11. Nc3 h6 12. Rb1 Bb4 13. Bd2 Na5 14. b3 g5 15.
Na2 Nc6 16. Nxb4 Nxb4 17. Bxb4 Qxb4 18. Qd2 Qxd2 19. Nxd2 a5 20. Rbc1 Ra6 21.
Rc5 Ke7 22. Rfc1 Rha8 23. f3 Rb6 24. Kf2 Rb4 25. Ke3 b5 26. axb5 Bxb5 27. Rc7+
Bd7 28. R1c3 Kd8 29. g3 a4 30. bxa4 Raxa4 31. Nb3 Rxb3 32. Rxd7+ Kxd7 33. Rxb3
Ra2 34. Rb7+ Ke8 35. Rb8+ Ke7 36. Rb7+ Kf8 37. h4 gxh4 38. gxh4 Rh2 39. Rb8+ Kg7
40. h5 Rxh5 41. Kf4 Rh4+ 42. Ke3 h5 43. Rb2 Rh1 44. Rg2+ Kh6 45. Kf4 Rd1 46. Ke3
h4 47. Rg4 Rh1 48. Kf2 h3 49. Kg3 h2 50. Rh4+ Kg6 51. Rxh2 Rd1 52. Rh4 Kg5 53.
Rg4+ Kf5 54. Rf4+ Kg6 55. Rf6+ Kg7 56. Rf4 Kg6 57. Rf6+ Kg7 58. Rf4 Rd2 59. Kh4
Rg2 60. Kh3 Rg1 61. Kh2 Rd1 62. Kg3 1/2-1/2

[Event "ch-FRA Blitz Online Qual"]
[Site "Europe-Chess INT"]
[Date "2020.05.16"]
[Round "8"]
[White "Ternault, Mathieu"]
[Black "Martinez Martinez, Mateo"]
[Result "1/2-1/2"]
[WhiteTitle "FM"]
[WhiteElo "2363"]
[BlackElo "1917"]
[WhiteFideId "20641532"]
[BlackFideId "36055140"]
[EventDate "2020.05.16"]

1. Nf3 c5 2. b3 Nc6 3. Bb2 Nf6 4. e3 g6 5. g3 Bg7 6. Bg2 O-O 7. O-O d5 8. d3 Re8
9. Ne5 Qd6 10. Nxc6 bxc6 11. f4 Nh5 12. Bxg7 Nxg7 13. Nd2 f6 14. e4 e5 15. fxe5
fxe5 16. Qf3 Be6 17. Qe3 Rf8 18. Nf3 d4 19. Qg5 Rfe8 20. Nxe5 Bxb3 21. Nxg6 Bxc2
22. Nf4 c4 23. dxc4 d3 24. Nh5 Qd4+ 25. Kh1 Rf8 26. Nf6+ Kh8 27. Qh6 Rxf6 28.
Qxf6 Qxf6 29. Rxf6 d2 30. Bf3 Rd8 31. Bd1 Bxe4+ 32. Kg1 Nf5 33. Re6 Rd4 34. a4
Ne3 35. Kf2 Nxd1+ 36. Rxd1 Bc2 37. Ke2 Bxd1+ 38. Kxd1 Rxc4 39. Kxd2 Rxa4 40. h4
Ra2+ 41. Kc1 Ra3 42. g4 Ra4 43. h5 Rxg4 44. h6 Kg8 45. Rxc6 Rg6 46. Rc8+ Kf7 47.
Rc7+ Kf6 48. Rxh7 Kg5 49. Rg7 Kxh6 50. Rxa7 Rc6+ 51. Kd2 Re6 52. Kd3 Kg6 53. Kd4
Kf6 54. Kd5 Re1 55. Ra6+ Kf5 56. Ra2 Re3 57. Rf2+ Kg4 58. Kd4 Re8 59. Rf7 Kg5
60. Rf1 Kg4 61. Kd3 Re7 62. Rf2 Kg3 63. Rf5 Re8 64. Rg5+ Kf4 65. Rg1 Kf3 66.
Rf1+ Kg3 67. Rf7 Kg4 68. Kd2 Re6 69. Rf1 Re8 70. Rg1+ Kf3 71. Rf1+ Kg2 72. Rf7
Kg3 73. Rg7+ Kf2 74. Rf7+ Kg2 75. Rg7+ Kf2 76. Rf7+ Kg2 1/2-1/2